Wittgensteinova obrázková teorie - rozchod s tradiční ontologií

Podrobná bibliografia
Hlavný autor: Sousedík, Prokop, 1964- (Autor)
Médium: Článok
Jazyk:slovenčina
čeština
ISSN:1335-0668
Predmet:

MARC

LEADER 00000nab a2200000 a 4500
001 vtls008951528
003 SK-MaSNL
005 20260304233641.0
008 250505c2002 xo qr|p|||||||000 b|slo
015 |a SNBRB2007/03 
035 |a (uuid)188fbbc4-755a-41c5-abb8-93d5181a9a4e 
035 |a urn:nbn:sk:snk-ab9jvn 
035 |a (urnnbn)urn:nbn:sk:snk:ar-a08hia 
038 |a SNKBUCL 
040 |a SNKBUCL  |b slo  |c SNKBUCL  |e AACR2 
041 0 |a cze 
044 |a xo  |c SK 
080 |a 101.9  |2 1997 
080 |a 16  |2 1997 
080 |a 111  |2 1997 
100 1 |a Sousedík, Prokop,  |d 1964-  |4 aut  |9 91106 
245 1 0 |a Wittgensteinova obrázková teorie - rozchod s tradiční ontologií  |c Prokop Sousedík 
504 |a Bibliogr. odkazy 
600 1 7 |a Wittgenstein, Ludwig,  |d 1889-1951  |2 snkbucl  |9 85160 
611 2 7 |a Filozofia Ludwiga Wittgensteina  |d (2001 :  |c Bratislava, Slovensko)  |2 snkbucl  |9 1456816 
650 0 7 |a ontológia (filozofia)  |2 snkbucl  |9 143171 
650 0 7 |a logika  |2 snkbucl  |9 806 
650 0 7 |a obrázková teória  |2 snkbucl  |9 1569551 
773 0 |t Organon F  |g Roč. IX, (2002)  |g S . 100-112  |x 1335-0668 
773 0 |t Filozofia Ludwiga Wittgensteina  |g Roč. IX, (2002)  |g S . 100-112  |x 1335-0668 
850 |a Slovenská národná knižnica 
852 |a Slovenská národná knižnica 
958 |a article13 
958 |a OND 
958 |a SK 
958 |a NB 
958 |a EUIPO 
999 |c 3199680  |d 3201610